The international encyclopedia of teaching and teacher education

Αποθηκεύτηκε σε:
Λεπτομέρειες βιβλιογραφικής εγγραφής
Άλλοι συγγραφείς: Dunkin, Michael J. (Επιμελητής έκδοσης)
Μορφή: Βιβλίο
Γλώσσα:English
Δημοσίευση: Oxford : Pergamon, 1987
Θέματα:
Ετικέτες: Προσθήκη ετικέτας
Δεν υπάρχουν, Καταχωρήστε ετικέτα πρώτοι!

MARC

LEADER 00000nam a2200000 i 4500
001 1/22008
008 960712s1987 eng d
020 |a 0-08-030852-X 
035 |a 1987  |c Αγορά  |l 10036449 
040 |a GR-MY-UA  |b gre  |e aacr 
041 0 |a eng 
082 0 |a Π 371.100202 
245 1 4 |a The international encyclopedia of teaching and teacher education /  |c edited by Michael J. Dunkin 
260 |a Oxford :   |b Pergamon,   |c 1987 
300 |a 878 p. 
650 0 0 |a Teaching. 
650 0 0 |a Teachers. 
650 0 0 |a Teachers  |x Training of. 
700 1 |a Dunkin, Michael J.  |4 edt 
852 |a INST  |b RHODES  |e 19960712  |h 371.100202 INT  |p 005400009213  |q 005400009213  |t REF  |y 23 
909 |a Ρ  |b 007978  |c 1987